00407 2200145 4500245009200000020002200092250001100114100002200125005001900147260003600166041001400202084000800216300002800224336000900252 aCotton Candy Love b : Pangeran Gula Kapas dan Putri BalerinacPriscila StevannihText a978-602-9397-72-7 aCet. 1 aPriscila Stevanni a20230112112436 aYogyakartabBentang Beliac2013 aIndonesia a813 aviii, 244 hlm. :c19 cm atext